Países del mundo DE MEMORIA - Estadísticas

Estadísticas generales
  • Esta prueba ha sido intentada 75 veces
  • La puntuación promedio es 153 de 196
Estadísticas de respuestas
País % Correcto
Canadá
90%
España
90%
Estados Unidos
90%
Argentina
88%
Brasil
88%
Chile
88%
Arabia Saudita
86%
China
86%
Guatemala
86%
Irak
86%
Irán
86%
Japón
86%
Kazajistán
86%
México
86%
Reino Unido
86%
Uruguay
86%
Venezuela
86%
Alemania
84%
Andorra
84%
Australia
84%
Austria
84%
Bolivia
84%
Catar
84%
Colombia
84%
Corea del Norte
84%
Corea del Sur
84%
Dinamarca
84%
Emiratos Árabes Unidos
84%
Finlandia
84%
Honduras
84%
Nueva Zelanda
84%
Panamá
84%
Paraguay
84%
Perú
84%
Portugal
84%
Rusia
84%
Albania
82%
Bélgica
82%
Cabo Verde
82%
Chipre
82%
Ecuador
82%
Egipto
82%
El Salvador
82%
Estonia
82%
Francia
82%
Georgia
82%
Grecia
82%
Guinea
82%
Guyana
82%
Haití
82%
Indonesia
82%
Irlanda
82%
Islandia
82%
Israel
82%
Italia
82%
Kosovo
82%
Letonia
82%
Noruega
82%
Palaos
82%
Polonia
82%
República Dominicana
82%
San Vicente y las Granadinas
82%
Suiza
82%
Surinam
82%
Afganistán
80%
Bielorrusia
80%
Camboya
80%
Costa de Marfil
80%
Croacia
80%
Eslovenia
80%
Etiopía
80%
Granada
80%
Guinea-Bissau
80%
Hungría
80%
India
80%
Jordania
80%
Laos
80%
Líbano
80%
Lituania
80%
Madagascar
80%
Mónaco
80%
Montenegro
80%
Omán
80%
Serbia
80%
Singapur
80%
Somalia
80%
Sudáfrica
80%
Suecia
80%
Taiwán
80%
Yemen
80%
Argelia
78%
Azerbaiyán
78%
Belice
78%
Bosnia y Herzegovina
78%
Burundi
78%
Bután
78%
Costa Rica
78%
Cuba
78%
Eslovaquia
78%
Ghana
78%
Guinea Ecuatorial
78%
Lesoto
78%
Libia
78%
Luxemburgo
78%
Malasia
78%
Malí
78%
Malta
78%
Marruecos
78%
Namibia
78%
Nicaragua
78%
Países Bajos
78%
República Checa
78%
República del Congo
78%
República Democrática del Congo
78%
Rumania
78%
Samoa
78%
San Cristóbal y Nieves
78%
San Marino
78%
Santa Lucía
78%
Tayikistán
78%
Trinidad y Tobago
78%
Turkmenistán
78%
Turquía
78%
Ucrania
78%
Vietnam
78%
Armenia
76%
Bahamas
76%
Barbados
76%
Baréin
76%
Ciudad del Vaticano
76%
Dominica
76%
Gabón
76%
Gambia
76%
Kenia
76%
Kirguistán
76%
Liechtenstein
76%
Macedonia del Norte
76%
Mauritania
76%
Moldavia
76%
Mongolia
76%
Nepal
76%
Pakistán
76%
Papúa Nueva Guinea
76%
República Centroafricana
76%
Ruanda
76%
Senegal
76%
Sri Lanka
76%
Sudán
76%
Tailandia
76%
Tuvalu
76%
Uzbekistán
76%
Yibuti
76%
Zambia
76%
Zimbabue
76%
Antigua y Barbuda
73%
Brunéi
73%
Burkina Faso
73%
Camerún
73%
Chad
73%
Eritrea
73%
Estados Federados de Micronesia
73%
Filipinas
73%
Islas Marshall
73%
Maldivas
73%
Myanmar
73%
Santo Tomé y Príncipe
73%
Seychelles
73%
Siria
73%
Sudán del Sur
73%
Tanzania
73%
Angola
71%
Benín
71%
Bulgaria
71%
Fiyi
71%
Jamaica
71%
Mauricio
71%
Mozambique
71%
Nauru
71%
Níger
71%
Nigeria
71%
Timor Oriental
71%
Togo
71%
Tonga
71%
Túnez
71%
Uganda
71%
Vanuatu
71%
Bangladés
69%
Comoras
69%
Kiribati
69%
Kuwait
69%
Liberia
69%
Sierra Leona
69%
Botsuana
67%
Esuatini
67%
Islas Salomón
67%
Malaui
65%
No se encontraron pruebas coincidentes
Distribución de puntuación
Porcentaje de gente con cada puntuación
Porcentaje por número respondido
Historial de tus puntuaciones
No has intentado esta prueba.